000 00918nam a2200253Ia 4500
003 OSt
005 20221005104839.0
006 a|||||r|||| 00| 0
007 ta
008 221004b |||||||| |||| 00| 0 hin d
020 _a8174532412 (hbk)
_c350
024 _a101734
037 _b407, 23/03/2010, Swaraj Prakashan
_cTextual
040 _aCRL
_cCRL
_bhin
041 _2hin
_ahin
082 _aO152,3N256:g, P6
100 _aशर्मा, आभा
245 0 _aअमरकांत की कहानियों के प्रमुख चरित्र
246 _aAmarakāanta kī kahāniyoan ke pramukh charitra
260 _aदिल्ली
_bसंजय प्रकाशन भारत
_c2006
300 _a206पृ0
_ccm.
942 _hO152,3N256:g, P6
_cTEXL
_2cc
999 _c1013971
_d1013971